Membres des équipages des 4 empereurs de One Piece - Statistiques

Statistiques générales
  • Ce quiz a été pris 49 fois
  • Le résultat moyen est 30 sur 43
Statistiques - réponses
Répondre % Correct
Monkey D. Luffy
97%
Roronoa Zoro
97%
Tony-Tony Chopper
97%
Jinbe
94%
Shanks
94%
Nami
94%
Nico Robin
94%
Sanji Vinsmoke
94%
Usopp
94%
Brook
91%
Baggy
91%
Franky
91%
Marshall D. Teach
88%
Crocodile
85%
Dracule Mihawk
85%
Yasopp
85%
Shiliew
79%
Ben Beckmann
76%
Catarina Devon
76%
Galdino
76%
Alvida
73%
Daz Bonez
73%
Jesus Burgess
73%
Van Augur
73%
Avalo Pizarro
70%
Doc Q
70%
Laffitte
70%
Cabaji
67%
Vasco Shot
67%
Kuzan
67%
Morge
64%
Lucky Roux
64%
Sanjuan Wolf
64%
Richie
61%
Stronger
55%
Rockstar
48%
Limejuice
33%
Building Snake
30%
Bonk Panchi
24%
Hongo
24%
Howling Gab
24%
Monstar
21%
Kinoko
6%
Aucun quiz correspondant
Distribution des résultats
% des personnes avec chaque résultat
Percentile par nombre de réponses
Votre historique - résultats
Vous n’avez pas pris ce quiz